2019/20 Premier League first XI - Statistics

General Stats
  • This quiz has been taken 4 times
  • The average score is 68 of 220
Answer Stats
Answer % Correct
Alisson
100%
Andy Robertson
100%
Anthony Martial
100%
Bernd Leno
100%
David de Gea
100%
Davinson Sánchez
100%
Dean Henderson
100%
Diogo Jota
100%
Ederson
100%
Georginio Wijnaldum
100%
Granit Xhaka
100%
Harry Kane
100%
Jamie Vardy
100%
John Stones
100%
Jordan Henderson
100%
Kasper Schmeichel
100%
Kevin De Bruyne
100%
Kyle Walker
100%
Mohamed Salah
100%
Oleksandr Zinchenko
100%
Paul Pogba
100%
Pierre-Emerick Aubameyang
100%
Roberto Firmino
100%
Rodri
100%
Trent Alexander-Arnold
100%
Virgil van Dijk
100%
Aaron Wan-Bissaka
67%
Andreas Pereira
67%
Aymeric Laporte
67%
Callum Wilson
67%
César Azpilicueta
67%
Chris Wood
67%
David Silva
67%
Divock Origi
67%
Dominic Calvert-Lewin
67%
Fabinho
67%
Harry Maguire
67%
Henrikh Mkhitaryan
67%
Hugo Lloris
67%
Jack Grealish
67%
James Maddison
67%
João Moutinho
67%
Joe Gomez
67%
Joelinton
67%
Jonny Evans
67%
Jordan Pickford
67%
Kepa Arrizabalaga
67%
Kyle Walker-Peters
67%
Lucas Moura
67%
Luke Shaw
67%
Mateo Kovačić
67%
Michael Keane
67%
Raheem Sterling
67%
Ricardo Pereira
67%
Richarlison
67%
Riyad Mahrez
67%
Rúben Neves
67%
Scott McTominay
67%
Teemu Pukki
67%
Toby Alderweireld
67%
Trézéguet
67%
Victor Lindelöf
67%
Aaron Ramsdale
33%
Adam Smith
33%
Andreas Christensen
33%
Andre Gray
33%
Angus Gunn
33%
Ashley Barnes
33%
Ben Chilwell
33%
Ben Foster
33%
Çağlar Söyüncü
33%
Callum Robinson
33%
Ché Adams
33%
Craig Dawson
33%
Danny Ings
33%
Declan Rice
33%
Érik Lamela
33%
Fabian Schär
33%
Felipe Anderson
33%
Gabriel Jesus
33%
Jamaal Lascelles
33%
Joel Ward
33%
Jóhann Guðmundsson
33%
John Fleck
33%
John McGinn
33%
Jordan Ayew
33%
Jorginho
33%
Leander Dendoncker
33%
Lewis Dunk
33%
Lucas Digne
33%
Łukasz Fabiański
33%
Marcus Rashford
33%
Martin Dúbravka
33%
Mason Mount
33%
Mat Ryan
33%
Matt Doherty
33%
Matteo Guendouzi
33%
Max Meyer
33%
Michail Antonio
33%
Moussa Sissoko
33%
Nathan Aké
33%
Nick Pope
33%
Oliver Norwood
33%
Pascal Groß
33%
Pedro
33%
Raúl Jiménez
33%
Rui Patrício
33%
Ryan Fraser
33%
Séamus Coleman
33%
Steve Cook
33%
Tim Krul
33%
Tyrone Mings
33%
Wilfred Ndidi
33%
Willy Boly
33%
Yerry Mina
33%
Aaron Cresswell
0%
Abdoulaye Doucouré
0%
Ahmed Elmohamady
0%
Ainsley Maitland-Niles
0%
André Gomes
0%
Andros Townsend
0%
Anwar El Ghazi
0%
Ashley Westwood
0%
Ayoze Pérez
0%
Ben Godfrey
0%
Ben Mee
0%
Bernard
0%
Björn Engels
0%
Calum Chambers
0%
Chris Basham
0%
Chris Mepham
0%
Christian Benteke
0%
Conor Coady
0%
Conor Hourihane
0%
Craig Cathcart
0%
Dale Stephens
0%
Dan Burn
0%
Danny Rose
0%
David McGoldrick
0%
Davy Pröpper
0%
Diego Rico
0%
Dwight McNeil
0%
Emerson
0%
Emiliano Buendía
0%
Enda Stevens
0%
Erik Pieters
0%
Étienne Capoue
0%
Fabián Balbuena
0%
George Baldock
0%
Gerard Deulofeu
0%
Glenn Murray
0%
Grant Hanley
0%
Gylfi Sigurðsson
0%
Hamza Choudhury
0%
Harry Winks
0%
Isaac Hayden
0%
Issa Diop
0%
Jack Cork
0%
Jack O'Connell
0%
Jack Stephens
0%
Jack Wilshere
0%
Jamal Lewis
0%
James McArthur
0%
James Tarkowski
0%
James Ward-Prowse
0%
Jan Bednarek
0%
Jannik Vestergaard
0%
Javier Manquillo
0%
Jefferson Lerma
0%
Jesse Lingard
0%
Joe Willock
0%
John Egan
0%
John Lundstram
0%
Jonjo Shelvey
0%
Jonny
0%
José Holebas
0%
Joshua King
0%
Jürgen Locadia
0%
Kenny McLean
0%
Kiko Femenía
0%
Kurt Zouma
0%
Luka Milivojević
0%
Manuel Lanzini
0%
Marco Stiepermann
0%
Martin Kelly
0%
Martín Montoya
0%
Matt Lowton
0%
Matt Ritchie
0%
Max Aarons
0%
Miguel Almirón
0%
Morgan Schneiderlin
0%
Nacho Monreal
0%
Nathan Redmond
0%
Neil Taylor
0%
Oriol Romeu
0%
Patrick van Aanholt
0%
Paul Dummett
0%
Philip Billing
0%
Reiss Nelson
0%
Ross Barkley
0%
Ryan Bennett
0%
Ryan Bertrand
0%
Ryan Fredericks
0%
Scott Dann
0%
Sean Longstaff
0%
Sébastien Haller
0%
Shane Duffy
0%
Sokratis Papastathopoulos
0%
Solly March
0%
Tammy Abraham
0%
Tanguy Ndombele
0%
Todd Cantwell
0%
Tom Heaton
0%
Tom Trybull
0%
Troy Deeney
0%
Vicente Guaita
0%
Wesley
0%
Will Hughes
0%
Yan Valery
0%
Youri Tielemans
0%
No matching quizzes found
Score Distribution
Percent of People with Each Score
Percentile by Number Answered
Your Score History
You have not taken this quiz